Loading...
Beliefs | 7 | 11.43 | 86% | 29% | 0% |
Fine Arts - Classical Music and Opera | 4 | 7.50 | 75% | 0% | 0% |
Fine Arts - Other Fine Arts | 1 | 0.00 | 0% | 0% | 0% |
Fine Arts - Visual Fine Arts | 8 | 15.00 | 100% | 38% | 13% |
Geography | 3 | 16.67 | 100% | 67% | 0% |
History - European History | 8 | 17.50 | 100% | 50% | 25% |
History - Other History | 4 | 15.00 | 100% | 50% | 0% |
History - US History | 5 | 16.00 | 100% | 60% | 0% |
History - World History | 8 | 13.75 | 100% | 25% | 13% |
Literature - American Literature | 8 | 13.75 | 88% | 50% | 0% |
Literature - British Literature | 4 | 5.00 | 50% | 0% | 0% |
Literature - European Literature | 4 | 15.00 | 100% | 25% | 25% |
Literature - World Literature | 4 | 12.50 | 100% | 25% | 0% |
Modern World | 5 | 20.00 | 80% | 80% | 40% |
Other Academic | 2 | 10.00 | 50% | 50% | 0% |
Philosophy | 5 | 12.00 | 60% | 40% | 20% |
Science - Astronomy | 1 | 0.00 | 0% | 0% | 0% |
Science - Biology | 5 | 14.00 | 60% | 60% | 20% |
Science - Chemistry | 4 | 17.50 | 75% | 75% | 25% |
Science - Other Science | 5 | 14.00 | 80% | 20% | 40% |
Science - Physics | 3 | 16.67 | 100% | 33% | 33% |
Social Science | 4 | 7.50 | 50% | 25% | 0% |